| 000 | 00560nam a22001937a 4500 | ||
|---|---|---|---|
| 003 | OSt | ||
| 005 | 20160419193346.0 | ||
| 008 | 160419b xxu||||| |||| 00| 0 eng d | ||
| 020 | _a9780470473252 | ||
| 040 | _cDDC | ||
| 082 | _a658.4 GEO 2010 | ||
| 100 |
_aGeorge, James A.; Rodger, James A. _98113 |
||
| 245 | _aSmart Data: Enterprise performance optimization strategy | ||
| 260 | _aNew Jersey; John Wiley, 2010 | ||
| 300 | _axxi,327p; ill: 24cm | ||
| 504 | _aReferences, & index included | ||
| 650 |
_aManagement performance _98114 |
||
| 942 |
_2z _cO_SHELF |
||
| 999 |
_c3645 _d3645 |
||